000 00673nam a2200229 4500
003 OSt
005 20240610074438.0
006 a
008 240610b |||||||| |||| 00| 0 eng d
020 _a9789712357282
040 _aDWCL-Main lib.
_cOC
082 _aFil. 372.21 L666c 2010
100 _aLeviste, Joyce V.
245 _aClassroom experiences with young children /
260 _aManila :
_bRex Book Store,
_cc2010.
300 _aviii,
_b132 p. ;
_c26 cm.
504 _aIncludes index.
650 _a1. Early childhood education–Philippines.
650 _a2. Child development–Philippines.
700 _aJoyce V. Leviste
942 _2ddc
_n0
_cBK - FIL
_kFil.
999 _c480
_d480